1673 1400 1228 1382 1074 1141 1356 1132 1570 1040 1530 1551 1166 1210 1236 1754 1413 1136 1251 1665 1916 1654 1269 1901 1154 1963 1374 1457 1425 1371 1710 1572 1278 1765 1225 1855 1235 1414 1295 1345 1255 1133 1822 1168 1257 1910 1664 1090 1188 1473 1285 1555 1837 1026 1283 1581 1679 1166 1305 1748 1875 1530 1137 1481 1475 1740 1281 1281 1263 1249 1678 1083 1545 1858 1585 1413 1262 1998 1564 1726 1432 1800 1760 1831 1387 1568 1911 1423 1903 1307 1887 1948 1664 1549 1423 1266 1741 1569 1146 BCNSPRNW ULIB Ver.6.0+V

เปลี่ยนเป็นภาษาไทย

Change to English
 แสดงรายละเอียดบรรณานุกรม
  กลับหน้าหลัก

Brief Record : Get Marc (ISO 2709) : E-mail record : QR code < ปิดหน้าต่าง
LEADER : 00000nam 2200000uu 4500
001    13399127136
003     ULIB
008    020711s2020 th a 000 0 eng d
020    ^a9780323568906
060    ^aWS200^bK63N^cVol.1
100    ^aKliegman, Robert M. and Geme, Joseph St.
245    ^aNelson Textbook of Pediatrics Vol.1
250    ^a21st ed
260    ^aPhiladelphia :^bElsevier,^c2020
300    ^a2040 pages;^b30 cm
650    ^aPediatrics
945    ^p3230^l0^i006326
999    ^aประนอม เกษจรัล
รายการนี้ยังไม่มีแท็ก
คุณยังไม่ได้ล็อกอิน คุณสามารถมีกิจกรรมร่วมกับเว็บไซต์ได้ แต่ต้องล็อกอินก่อน ::
  ล็อกอิน

รายการสื่อสารสนเทศ

ลำดับที่ ประเภท เลขเรียก/บาร์โค้ด สถานที่ สถานะ
1. วิทยาศาสตร์การแพทย์ และสุขภาพ
วิทยาศาสตร์การแพทย์ และสุขภาพ
WS200 K63N Vol.1 ฉ.1 
  Barcode: 006326
ห้องสมุดวิทยาเขตสวรรค์ประชารักษ์
►หนังสือทั่วไป
บนชั้น

รายการใกล้เคียง
    หัวเรื่อง [Pediatrics]

BibComment


ยังไม่เคยถูกคอมเมนท์

คอมเมนท์ทรัพยากรรายการนี้
  คอมเมนท์: Nelson Textbook ..


 Copyright 2026. Bcnsprnw @Library